01245nab a22002177a 4500003000400000005001700004008004100021040000700062100002400069245014300093260007300236300001100309500002800320505034800348505008200696650001800778650004300796650001600839650002200855773015000877OSt20251222102857.0190429b xxu||||| |||| 00| 0 spa d cPJ aCarrió, Francisco13aLa prescripción de la acción penal y el fallo "Levinas". Necesidad de una reforma al art. 67 del Código Penal /cFrancisco Carrió. cCiudad Autónoma de Buenos Aires :aThomson Reuters La Ley, b2025. ap. 5-7 aCita: AR/DOC/1252/2025. aSumario: I. Introducción.— II. Consecuencias de la instancia adicional en materia penal.— III. ¿Cuándo prescribe la acción penal respecto de una persona condenada?— IV. ¿Cuándo queda firme una sentencia condenatoria?— V. Posibles consecuencias del agregado de una instancia adicional.— VI. Propuesta de reforma legislativa. tSi te interesa el texto completo, solicitalo a koha@justierradelfuego.gov.ar  0aDERECHO PENAL 0aCORTE SUPREMA DE JUSTICIA DE LA NACION 0aCOMPETENCIA 0aCOMPETENCIA CIVIL0 02658tRevista de derecho penal y criminología. Nº 7 - Agosto 2025dCiudad Autónoma de Buenos Aires : Thomson Reuters La Ley, 2017-x00347914